ბათუმის შოთა რუსთაველის სახელმწიფო უნივერსიტეტის ბიბლიოთეკა

Технология машиностроения(специальная часть). (ბიბ.ჩანაწერი № 38738)

000 -LEADER
fixed length control field 00737nam a2200205Ia 4500
001 - CONTROL NUMBER
control field 5055
003 - CONTROL NUMBER IDENTIFIER
control field GE_BSU
008 - FIXED-LENGTH DATA ELEMENTS--GENERAL INFORMATION
fixed length control field 181216s||||||||xx |||||||||||||| ||und||
040 ## - CATALOGING SOURCE
Transcribing agency GE_BSU
080 ## - UNIVERSAL DECIMAL CLASSIFICATION NUMBER
Universal Decimal Classification number 621.757(075.8)
100 ## - MAIN ENTRY--PERSONAL NAME
Personal name Гусев,А.А. Ковальчук Е.Р. Колесов,И.М. и др. Ред.: Н.А.Лебедева, И.С.Форстен.
245 ## - TITLE STATEMENT
Title Технология машиностроения(специальная часть).
245 ## - TITLE STATEMENT
Remainder of title Учебник.
260 ## - PUBLICATION, DISTRIBUTION, ETC.
Place of publication, distribution, etc. М.
260 ## - PUBLICATION, DISTRIBUTION, ETC.
Name of publisher, distributor, etc. Машиностроение.
260 ## - PUBLICATION, DISTRIBUTION, ETC.
Date of publication, distribution, etc. 1986.
300 ## - PHYSICAL DESCRIPTION
Extent 480 стр. с илл. 22 см. Библиогр.: стр. 472-473.
653 ## - INDEX TERM--UNCONTROLLED
Uncontrolled term Технология машиностроения.
942 ## - ADDED ENTRY ELEMENTS (KOHA)
Koha item type წიგნი
ეგზემპლარები
Withdrawn status Lost status Damaged status Not for loan Date acquired Barcode Date last seen Price effective from Koha item type
        2018-12-17 11092 2018-12-17 2018-12-17 წიგნი